000 00600nam a2200217Ia 4500
008 200601s9999 xx 000 0 und d
020 _a978-0-7641-3968-0
050 _aREF PC 4828
050 _b.L57 2009
100 _aLipton, Gladys
245 0 _aSpanish-English/English-Spanish beginner's dictionary :
245 2 _ba beginner's guide in words and pictures /
245 0 _cGladys Liptopn
250 _a4th Edition
260 _aNew York :
260 _bBarron's Educational Series, Inc.
260 _c2009
300 _a449 pages :
300 _billustrations ;
300 _c20 cm.
999 _c363394
_d363394